| 000 | 00540nam a22001937a 4500 | ||
|---|---|---|---|
| 003 | NUST - PNEC | ||
| 005 | 20170116181120.0 | ||
| 008 | 151005b xxu||||| |||| 00| 0 eng d | ||
| 020 | _a9780070615632 | ||
| 020 | _a0070615632 | ||
| 040 | _cLIBRARY | ||
| 082 | _a658.3 CAS | ||
| 100 |
_913489 _aCascio, Wayne F. |
||
| 245 |
_aManaging human resources : productivity, quality of work life, profits _cWayne F. Cascio |
||
| 250 | _aSeventh Edition | ||
| 260 | _ac.2006 | ||
| 650 |
_913491 _aPersonnel management _xMis |
||
| 942 |
_2ddc _cBK |
||
| 999 |
_c69551 _d69551 |
||